| 000 | 00457cam a2200169ua 4500 | ||
|---|---|---|---|
| 003 | OSt | ||
| 008 | 250108b |||||||| |||| 00| 0 eng d | ||
| 020 | _a0 246 11717 6 | ||
| 041 | _aeng | ||
| 082 |
_a621.38171 _bCOX/MI |
||
| 100 |
_aCox, S W R . _96841 |
||
| 245 | _aMicrorlectronics in agriculture and hoticulture:Electronicsand computers in farming / | ||
| 250 | _a1 / | ||
| 260 |
_aLondon : _bGranada , _c1982. |
||
| 300 | _a230 ; . | ||
| 942 | _cBK | ||
| 999 |
_c9406 _d9406 |
||